000 00352nam a2200133Ia 4500
008 220217s9999||||xx |||||||||||||| ||und||
020 _a0-13-079611-5
082 _a658.45 GRI
100 _aGriffin, Ricky, W Ebert, Ronald, J
_93479
245 0 _aBusiness
260 _aPrentice hall
_bNew Jersey
_c1998
300 _b3160
650 _aMANAGEMENT
999 _c171998
_d171998